Procedimientos básicos de contabilidad, texto programado (Registro nro. 1810)

Detalles MARC
000 -LEADER
fixed length control field 01146 a2200205 4500
001 - CONTROL NUMBER
control field 29173
005 - DATE AND TIME OF LATEST TRANSACTION
control field 20260407155600.0
008 - FIXED-LENGTH DATA ELEMENTS--GENERAL INFORMATION
fixed length control field 260407a1971 arg spa d
003 - CONTROL NUMBER IDENTIFIER
control field AR-UNSa-BCEJYS
040 ## - CATALOGING SOURCE
Original cataloging agency AR-UNSa-BCEJYS
Language of cataloging spa
Transcribing agency AR-UNSa-BCEJYS
080 ## - UNIVERSAL DECIMAL CLASSIFICATION NUMBER
Universal Decimal Classification number 657
Common auxiliary subdivision Contabilidad
100 1# - MAIN ENTRY--PERSONAL NAME
Personal name Palazón Beltrán, Ramón
245 10 - TITLE STATEMENT
Title Procedimientos básicos de contabilidad, texto programado
264 #1 - PRODUCTION, PUBLICATION, DISTRIBUTION, MANUFACTURE, AND COPYRIGHT NOTICE
Place of production, publication, distribution, manufacture México :
Name of producer, publisher, distributor, manufacturer Centro Regional de Ayuda Técnica
Date of production, publication, distribution, manufacture, or copyright notice 1971
300 ## - PHYSICAL DESCRIPTION
Extent 343 p.
Dimensions 28 cm.
505 ## - FORMATTED CONTENTS NOTE
Formatted contents note 1. Datos finaniceros - 2. Interpretaciones de las transacciones - 3. Cuentas - 4. El diario - 5. Ventas - 6. Ingresos de caja - 7. Otras transacciones con los clientes - 8. Compras y cuentas por pagar - 8. Pagos en efectivo - 10. Registros alternativos - 11. Ajustes periódicos, partidas acumuladas y partidas pagadas por anticipado - 12. Ajustes periódicos, inventarios - 13. Ajustes periódicos, cuentas malas - 14. Ajustes periódicos, depreciación - 15. Procedimientos por hoja de trabajo - 16. Asientos de cierre - 17. Estados financieros.
590 ## - LOCAL NOTE (RLIN)
Local note niveau_biblio:m niveau_hierar:0
700 1# - ADDED ENTRY--PERSONAL NAME
Personal name Mc Neill, I.Eugene
942 ## - ADDED ENTRY ELEMENTS (KOHA)
Koha item type
Existencias
Withdrawn status Lost status Damaged status Not for loan Home library Current library Shelving location Date acquired Total checkouts Full call number Barcode Date last seen Price effective from Koha item type
        Biblioteca Prof. Eusebio Cleto del Rey Biblioteca Prof. Eusebio Cleto del Rey   07/04/2026   657 M478 L23683 07/04/2026 07/04/2026 Libro